<?xml version="1.0" encoding="UTF-8"?>
<record
    xmlns:xsi="http://www.w3.org/2001/XMLSchema-instance"
    xsi:schemaLocation="http://www.loc.gov/MARC21/slim http://www.loc.gov/standards/marcxml/schema/MARC21slim.xsd"
    xmlns="http://www.loc.gov/MARC21/slim">

  <leader>00612nam a22001817a 4500</leader>
  <controlfield tag="003">UA-OsUOA</controlfield>
  <controlfield tag="001"> 6786 </controlfield>
  <controlfield tag="007">ta</controlfield>
  <controlfield tag="008">20040528b un ||||| |||| 00| 0 ukr d</controlfield>
  <datafield tag="100" ind1=" " ind2=" ">
    <subfield code="a">&#x427;&#x435;&#x43F;&#x443;&#x440;&#x43D;&#x438;&#x439; &#x412;.</subfield>
  </datafield>
  <datafield tag="942" ind1=" " ind2=" ">
    <subfield code="c">SA</subfield>
  </datafield>
  <datafield tag="040" ind1=" " ind2=" ">
    <subfield code="a">UA-OsUOA</subfield>
    <subfield code="c">UA-OsUOA</subfield>
    <subfield code="d">UA-OsUOA</subfield>
  </datafield>
  <datafield tag="245" ind1=" " ind2=" ">
    <subfield code="a">&#x41F;&#x43B;&#x430;&#x447;&#x456; &#x43D;&#x435; &#x442;&#x432;&#x43E;&#x440;&#x44F;&#x442;&#x44C; &#x434;&#x435;&#x440;&#x436;&#x430;&#x432;&#x438; ! : &#x41B;&#x438;&#x441;&#x442; &#x434;&#x43E; &#x42E;&#x440;&#x44F; &#x41C;&#x443;&#x448;&#x43A;&#x435;&#x442;&#x438;&#x43A;&#x430; : [ &#x420;&#x43E;&#x43C;&#x430;&#x43D; &#x42E;.&#x41C;&#x443;&#x449;&#x43A;&#x435;&#x442;&#x438;&#x43A;&#x430; " &#x41D;&#x430; &#x431;&#x440;&#x430;&#x442;&#x430; &#x431;&#x440;&#x430;&#x442; " ]</subfield>
  </datafield>
  <datafield tag="300" ind1=" " ind2=" ">
    <subfield code="a">&#x421;.7</subfield>
  </datafield>
  <datafield tag="955" ind1=" " ind2=" ">
    <subfield code="a">0</subfield>
  </datafield>
  <datafield tag="773" ind1="0" ind2=" ">
    <subfield code="w">0</subfield>
    <subfield code="t">&#x41B;&#x456;&#x442;&#x435;&#x440;&#x430;&#x442;&#x443;&#x440;&#x43D;&#x430; &#x423;&#x43A;&#x440;&#x430;&#x456;&#x43D;&#x430;</subfield>
    <subfield code="d">&#x41A;&#x438;&#x457;&#x432;</subfield>
    <subfield code="d">2004</subfield>
    <subfield code="g">&#x2116;19</subfield>
  </datafield>
  <datafield tag="650" ind1=" " ind2="7">
    <subfield code="a">&#x41B;&#x456;&#x442;&#x435;&#x440;&#x430;&#x442;&#x443;&#x440;&#x43E;&#x437;&#x43D;&#x430;&#x432;&#x441;&#x442;&#x432;&#x43E;</subfield>
    <subfield code="2">UDC</subfield>
  </datafield>
  <datafield tag="999" ind1=" " ind2=" ">
    <subfield code="c">292947</subfield>
    <subfield code="d">292947</subfield>
  </datafield>
</record>
